Advanced theory of statistics (Record no. 17419)

000 -LEADER
fixed length control field 00610nam a22002297a 4500
001 - CONTROL NUMBER
control field 17419
003 - CONTROL NUMBER IDENTIFIER
control field BD-DhUET
008 - FIXED-LENGTH DATA ELEMENTS--GENERAL INFORMATION
fixed length control field 150323b xxu||||| |||| 00| 0 eng d
020 ## - INTERNATIONAL STANDARD BOOK NUMBER
International Standard Book Number 0852642555
040 ## - CATALOGING SOURCE
Original cataloging agency DLC
Transcribing agency DLC
Modifying agency BD-DhUET
082 ## - DEWEY DECIMAL CLASSIFICATION NUMBER
Classification number 519.9
Item number KEN/1979
100 ## - MAIN ENTRY--PERSONAL NAME
Personal name Kendall, Maurice
245 ## - TITLE STATEMENT
Title Advanced theory of statistics
250 ## - EDITION STATEMENT
Edition statement 4th ed.
260 ## - PUBLICATION, DISTRIBUTION, ETC. (IMPRINT)
Place of publication, distribution, etc. London
Name of publisher, distributor, etc. Charles Griffin
Date of publication, distribution, etc. 1979
300 ## - PHYSICAL DESCRIPTION
Extent x, 748p.
500 ## - GENERAL NOTE
General note Vol. 2 (inference and relationship)
504 ## - BIBLIOGRAPHY, ETC. NOTE
Bibliography, etc Includes bibliographies
650 #0 - SUBJECT ADDED ENTRY--TOPICAL TERM
Topical term or geographic name as entry element Statistics - Mathematics, Statistics
700 ## - ADDED ENTRY--PERSONAL NAME
Personal name Stuart, Alan
942 ## - ADDED ENTRY ELEMENTS (KOHA)
Koha item type General Book
Holdings
Date acquired Koha normalized classification for sorting Koha full call number Piece designation (barcode) Location (home branch) Shelving location Koha item type Sublocation or collection (holding branch) Copy number Withdrawn status Damaged status Price effective from Koha date last seen Lost status Not for loan Source of classification or shelving scheme
2015-03-23519_900000000000000_KEN_1979519.9/KEN/197967268Central Library, BUETCirculation sectionGeneral BookCentral Library, BUET1  2015-03-232015-03-23